| 000 | 00510nam a2200181Ia 4500 | ||
|---|---|---|---|
| 003 | GCL | ||
| 008 | 140319s9999 xx 000 0 eng d | ||
| 040 |
_aGCL / _cGCL |
||
| 082 | 0 | 4 |
_a616.0756 _bB F |
| 100 | 1 | _aBRUNZEL, NANCY A. | |
| 245 | 1 | 0 |
_aFUNDAMENTALS OF URINE AND BODY FLUID ANALYSIS / _cBRUNZEL, NANCY A. |
| 260 |
_a[S.N] : _bW.B. SAUNDERS COMPANY ، _c1994 |
||
| 300 | _a504 P | ||
| 650 | 0 | 4 | _aURINE - ANALYSIS |
| 650 | 0 | 4 | _aCLINICAL CHEMISTRY |
| 650 | 0 | 4 | _aBODY FLUIDS, ANALYSIS |
| 942 |
_2ddc _cBK |
||
| 999 |
_c21040 _d21040 |
||